Study guide to accompany cost accounting
Salvato in:
| Autore principale: | |
|---|---|
| Altri autori: | |
| Natura: | Libro |
| Lingua: | inglese |
| Pubblicazione: |
Homewood
Irwin
1987
|
| Edizione: | 2. ed. |
| Soggetti: | |
| Tags: |
Nessun Tag, puoi essere il primo ad aggiungerne!!
|
MARC
| LEADER | 00000nam a2200000 4500 | ||
|---|---|---|---|
| 001 | c000317 | ||
| 005 | 20221219120701.3 | ||
| 020 | |a 0-256-03573-3 | ||
| 041 | 0 | |a eng | |
| 044 | |a US | ||
| 245 | 1 | 0 | |a Study guide to accompany cost accounting |c Edward B. Deakin, Michael W. Maher |
| 250 | |a 2. ed. | ||
| 264 | 1 | |a Homewood |b Irwin |c 1987 | |
| 300 | |a 244 s. | ||
| 610 | 2 | 0 | |a účtovanie nákladov |
| 610 | 2 | 0 | |a účtovníctvo nákladové |
| 610 | 2 | 0 | |a náklady |
| 610 | 2 | 0 | |a náklady prevádzkové |
| 610 | 2 | 0 | |a služby |
| 610 | 2 | 0 | |a kalkulácia nákladov |
| 610 | 2 | 0 | |a analýza nákladov a výnosov |
| 610 | 2 | 0 | |a náklady diferenciálne |
| 610 | 2 | 0 | |a rozhodovanie podnikové |
| 610 | 2 | 0 | |a zásoby |
| 610 | 2 | 0 | |a investície |
| 610 | 2 | 0 | |a kapitál |
| 610 | 2 | 0 | |a modely investícií |
| 610 | 2 | 0 | |a rozpočet podnikový |
| 610 | 2 | 0 | |a výkony podnikové |
| 610 | 2 | 0 | |a rozhodovanie za neurčitosti |
| 100 | 1 | |a Deakin, Edward B. | |
| 700 | 1 | |a Maher, Michael W. | |